[Event "IECC CL5-2021.03 email"]
[Site "IECC email"]
[Date "2021.12.25"]
[Round "?"]
[White "Jewell, Barry"]
[Black "Spencer, James"]
[Result "1-0"]
[WhiteElo "1430"]
[BlackElo "1311"]
[PlyCount "35"]
[EventDate "2021.??.??"]
[EventType "tourn (corr)"]
[EventRounds "4"]
[SourceTitle "Corr 2024"]
[Source "ChessBase"]
[SourceDate "2023.10.19"]
[SourceVersion "1"]
[SourceVersionDate "2023.10.19"]
[SourceQuality "1"]
[WhiteTeam "Kanada"]
[BlackTeam "Vereinigte Staaten"]
[WhiteTeamCountry "CAN"]
[BlackTeamCountry "USA"]

1. e4 e5 2. Nf3 Nc6 3. Bc4 Bc5 4. b4 Bxb4 5. c3 Ba5 6. d4 d6 7. 0-0 Bb6 8. a4 Nf6 9. Qb3 0-0 10. dxe5 Nxe4 11. e6 Bxf2+ 12. Rxf2 Nxf2 13. exf7+ Kh8 14. Kxf2 Ne5 15. Bg5 Qd7 16. Nxe5 Qf5+ 17. Nf3 Be6 18. Bxe6 1-0

[Event "IECC CL5-2021.03 email"]
[Site "IECC email"]
[Date "2021.12.25"]
[Round "?"]
[White "Spencer, James"]
[Black "Che, Tai"]
[Result "0-1"]
[WhiteElo "1301"]
[BlackElo "1367"]
[PlyCount "50"]
[EventDate "2021.??.??"]
[EventType "tourn (corr)"]
[EventRounds "4"]
[SourceTitle "Corr 2024"]
[Source "ChessBase"]
[SourceDate "2023.10.19"]
[SourceVersion "1"]
[SourceVersionDate "2023.10.19"]
[SourceQuality "1"]
[WhiteTeam "Vereinigte Staaten"]
[BlackTeam "Kanada"]
[WhiteTeamCountry "USA"]
[BlackTeamCountry "CAN"]

1. e4 d5 2. exd5 Qxd5 3. Nc3 Qd6 4. d4 Nf6 5. Nf3 Bg4 6. h3 Bh5 7. g4 Bg6 8. Ne5 Nc6 9. Nxc6 bxc6 10. Bg2 Nd5 11. 0-0 e6 12. Bg5 Be7 13. Bxe7 Qxe7 14. Re1 0-0 15. Qd2 Qb4 16. Reb1 Rab8 17. a3 Qd6 18. Re1 Rxb2 19. Bxd5 cxd5 20. Rab1 Rxc2 21. Qe3 Qxa3 22. Rbc1 Rb8 23. Rxc2 Bxc2 24. Qd2 Bg6 25. Rb1 Bxb1 0-1

[Event "Begonia op 55th"]
[Site "Ballarat"]
[Date "2021.03.08"]
[Round "6"]
[White "Solomon, Stephen J"]
[Black "Spencer, James"]
[Result "1-0"]
[WhiteElo "2309"]
[BlackElo "1825"]
[PlyCount "37"]
[EventDate "2021.03.06"]
[EventType "swiss"]
[EventRounds "7"]
[EventCountry "AUS"]
[SourceTitle "CBM 201 Extra"]
[Source "ChessBase"]
[SourceDate "2021.05.31"]
[SourceVersion "1"]
[SourceVersionDate "2021.05.31"]
[SourceQuality "1"]

1. e4 c5 2. Nf3 g6 3. d4 cxd4 4. Qxd4 Nf6 5. Bb5 Bg7 6. e5 Ng8 7. Nc3 a6 8. Bc4 Nc6 9. Qf4 e6 10. Ne4 Nxe5 11. Nd6+ Ke7 12. Bd2 g5 13. Nxg5 Kxd6 14. Nxf7+ Ke7 15. Nxd8 Kxd8 16. Bxe6 dxe6 17. Bc3 Nd3+ 18. cxd3 Bxc3+ 19. bxc3 1-0

[Event "IECC KO-2114"]
[Site "IECC email"]
[Date "2011.06.10"]
[Round "?"]
[White "Spencer, James"]
[Black "Pollard, Richard"]
[Result "0-1"]
[WhiteElo "1373"]
[BlackElo "1237"]
[PlyCount "50"]
[EventDate "2011.??.??"]
[EventType "match (corr)"]
[EventRounds "2"]
[SourceTitle "Telechess CBM 149"]
[Source "ChessBase"]
[SourceDate "2012.07.17"]
[SourceVersion "1"]
[SourceVersionDate "2012.07.17"]
[SourceQuality "1"]
[WhiteTeam "US of America"]
[BlackTeam "US of America"]
[WhiteTeamCountry "USA"]
[BlackTeamCountry "USA"]

1. e4 e5 2. Nf3 Nc6 3. Bb5 a6 4. Ba4 Nf6 5. 0-0 Be7 6. Re1 b5 7. Bb3 d6 8. c3 0-0 9. h3 Nd7 10. d4 Bf6 11. a4 Bb7 12. Na3 exd4 13. cxd4 Na5 14. Ba2 b4 15. Nc4 Nxc4 16. Bxc4 d5 17. exd5 Nb6 18. Bd3 Nxd5 19. a5 h6 20. Bc4 Qd6 21. Bd2 Rfb8 22. Ne5 Bxe5 23. dxe5 Qc6 24. Rc1 Nc3 25. Bf1 Nxd1 0-1

[Event "IECC P-4327"]
[Site "IECC email"]
[Date "2007.05.27"]
[Round "?"]
[White "Basson, Heinrich"]
[Black "Spencer, James"]
[Result "0-1"]
[WhiteElo "1785"]
[BlackElo "1347"]
[PlyCount "40"]
[EventDate "2007.??.??"]
[EventType "tourn (corr)"]
[EventRounds "1"]
[SourceTitle "Corr 2011"]
[Source "ChessBase"]
[SourceDate "2010.08.31"]
[SourceVersion "1"]
[SourceVersionDate "2010.08.31"]
[SourceQuality "1"]
[WhiteTeam "US of America"]
[BlackTeam "South Africa"]
[WhiteTeamCountry "USA"]
[BlackTeamCountry "RSA"]

1. e4 c5 2. Nc3 Nc6 3. Nf3 e6 4. d4 cxd4 5. Nxd4 Nf6 6. Ndb5 Bb4 7. Nd6+ Ke7 8. Bf4 e5 9. Nxc8+ Rxc8 10. Bg5 h6 11. Bxf6+ Kxf6 12. Qf3+ Ke7 13. Bc4 Bxc3+ 14. bxc3 Rf8 15. Rd1 Nd4 16. cxd4 Qa5+ 17. c3 Rxc4 18. 0-0 Qxc3 19. Rd3 Qa5 20. dxe5 Qxe5 0-1

[Event "IECC P-4280"]
[Site "IECC email"]
[Date "2007.01.19"]
[Round "?"]
[White "Booth, Grahame"]
[Black "Spencer, James"]
[Result "0-1"]
[WhiteElo "1203"]
[BlackElo "1336"]
[PlyCount "54"]
[EventDate "2007.??.??"]
[EventType "tourn (corr)"]
[EventRounds "1"]
[SourceTitle "Corr 2008"]
[Source "ChessBase"]
[SourceDate "2008.06.24"]
[SourceVersion "1"]
[SourceVersionDate "2008.06.24"]
[SourceQuality "1"]
[WhiteTeam "Canada"]
[BlackTeam "US of America"]
[WhiteTeamCountry "CAN"]
[BlackTeamCountry "USA"]

1. e4 c5 2. Nf3 e6 3. d4 cxd4 4. Nxd4 Nf6 5. Bd3 Nc6 6. Nc3 Bb4 7. Nxc6 bxc6 8. Bd2 d5 9. exd5 cxd5 10. a3 Be7 11. 0-0 0-0 12. Bg5 Bb7 13. Re1 Rc8 14. Qe2 Qb6 15. Rab1 Rfd8 16. Bxf6 Bxf6 17. Qg4 Ba6 18. Na4 Qa5 19. b3 Bxd3 20. cxd3 Be7 21. Ra1 Bxa3 22. Re3 Rc1+ 23. Rxc1 Bxc1 24. Re2 Rb8 25. Rxe6 fxe6 26. Qxe6+ Kh8 27. h3 Qd2 0-1

[Event "IECC P-4015"]
[Site "IECC email"]
[Date "2005.10.08"]
[Round "?"]
[White "Spencer, James"]
[Black "Ulriksen, Kim"]
[Result "1-0"]
[WhiteElo "1267"]
[BlackElo "1308"]
[PlyCount "81"]
[EventDate "2005.??.??"]
[EventType "tourn (corr)"]
[EventRounds "1"]
[SourceTitle "Corr 2008"]
[Source "ChessBase"]
[SourceDate "2008.06.24"]
[SourceVersion "1"]
[SourceVersionDate "2008.06.24"]
[SourceQuality "1"]

1. e4 c5 2. Nf3 d6 3. d4 cxd4 4. Nxd4 Nf6 5. Nc3 g6 6. Be3 Bg7 7. f3 Nc6 8. Qd2 0-0 9. Bc4 Bd7 10. 0-0-0 Rc8 11. Bb3 Ne5 12. h4 h5 13. Bg5 Rc5 14. f4 Nc4 15. Qd3 b5 16. e5 Ng4 17. exd6 Nxd6 18. Qxg6 Nf2 19. Bh6 Ne8 20. Bxg7 Nxg7 21. Ne4 Nxe4 22. Qxe4 e6 23. Nf3 Qc7 24. Ne5 Bc6 25. Qd4 Bd5 26. Nd7 Rxc2+ 27. Bxc2 Qxd7 28. Rh3 Rc8 29. Rg3 f5 30. Rc3 Rxc3 31. Qxc3 Qd6 32. g3 Ne8 33. Qe3 Qd7 34. Kb1 Nf6 35. Qe5 Kf7 36. Rc1 Kg6 37. Ka1 a5 38. Qe1 a4 39. Bd1 Qd6 40. Qe3 b4 41. Bxa4 1-0

[Event "IECC Swiss-466.4"]
[Site "IECC email"]
[Date "2005.02.17"]
[Round "?"]
[White "Holt, John"]
[Black "Spencer, James"]
[Result "0-1"]
[WhiteElo "908"]
[BlackElo "1231"]
[PlyCount "40"]
[EventDate "2005.??.??"]
[EventType "swiss (corr)"]
[EventRounds "1"]
[SourceTitle "Corr 2020"]
[Source "ChessBase"]
[SourceDate "2019.09.30"]
[SourceVersion "1"]
[SourceVersionDate "2019.09.30"]
[SourceQuality "1"]
[WhiteTeam "United States"]
[BlackTeam "United States"]
[WhiteTeamCountry "USA"]
[BlackTeamCountry "USA"]

1. e4 c5 2. Nf3 Nc6 3. Nc3 Nf6 4. d4 cxd4 5. Nxd4 d6 6. Bd3 Nxd4 7. Be3 Nc6 8. 0-0 e6 9. a3 Be7 10. Nb5 0-0 11. b4 d5 12. exd5 Nxd5 13. c4 Nxe3 14. fxe3 a6 15. Nc3 f5 16. b5 axb5 17. Nxb5 Ne5 18. Nd4 Bg5 19. Qe2 Bxe3+ 20. Qxe3 Ng4 0-1

[Event "IECC Swiss-455.2"]
[Site "IECC email"]
[Date "2003.08.23"]
[Round "?"]
[White "Spencer, James"]
[Black "Legarda, Jose"]
[Result "1/2-1/2"]
[WhiteElo "1242"]
[BlackElo "1403"]
[PlyCount "105"]
[EventDate "2003.??.??"]
[EventType "swiss (corr)"]
[EventRounds "1"]
[SourceTitle "Corr 2020"]
[Source "ChessBase"]
[SourceDate "2019.09.30"]
[SourceVersion "1"]
[SourceVersionDate "2019.09.30"]
[SourceQuality "1"]
[WhiteTeam "United States"]
[BlackTeam "Spain"]
[WhiteTeamCountry "USA"]
[BlackTeamCountry "ESP"]

1. e4 e5 2. Nf3 Nf6 3. Nxe5 d6 4. Nf3 Nxe4 5. d4 d5 6. Bd3 Nc6 7. 0-0 Be7 8. c4 Nb4 9. Be2 0-0 10. Nc3 Be6 11. Ne5 f6 12. Nf3 Re8 13. Be3 Qd7 14. a3 Nxc3 15. bxc3 Nc6 16. cxd5 Bxd5 17. c4 Bf7 18. Qc2 Bf8 19. Rfe1 Rad8 20. d5 Ne5 21. Nxe5 Rxe5 22. Bd4 Ree8 23. Bd3 h6 24. Bf5 Qd6 25. Bh7+ Kh8 26. Rxe8 Rxe8 27. a4 c6 28. Bg6 Kg8 29. Bxf7+ Kxf7 30. Qb2 Qd7 31. Bxa7 cxd5 32. Qd4 Rd8 33. Bb6 dxc4 34. Qxc4+ Qd5 35. Qc2 Qd3 36. Qa2+ Rd5 37. Be3 Kg6 38. Rf1 Bd6 39. Qa1 Be5 40. Qc1 b5 41. axb5 Rxb5 42. Rd1 Qc3 43. f4 Qxc1 44. Rxc1 Rb3 45. Kf2 Bb8 46. h3 h5 47. g3 Bd6 48. Rd1 Ba3 49. Rd7 Rb2+ 50. Kf3 Rb3 51. Ke2 Rb2+ 52. Rd2 Rxd2+ 53. Bxd2 1/2-1/2

[Event "IECC P email"]
[Site "IECC email"]
[Date "2003.03.25"]
[Round "?"]
[White "Spencer, James"]
[Black "Baker, Tim"]
[Result "1-0"]
[WhiteElo "1233"]
[BlackElo "1151"]
[PlyCount "41"]
[EventDate "2003.??.??"]
[EventType "tourn (corr)"]
[EventRounds "6"]
[SourceTitle "Corr 2008"]
[Source "ChessBase"]
[SourceDate "2008.06.24"]
[SourceVersion "1"]
[SourceVersionDate "2008.06.24"]
[SourceQuality "1"]

1. e4 c5 2. Nf3 d6 3. d4 cxd4 4. Nxd4 Nf6 5. Nc3 a6 6. Bg5 e6 7. f4 Be7 8. Qf3 Qc7 9. 0-0-0 Nbd7 10. g4 b5 11. Bxf6 Nxf6 12. g5 Nd7 13. f5 Bxg5+ 14. Kb1 0-0 15. fxe6 Ne5 16. Qg3 Bd8 17. Bh3 fxe6 18. Bxe6+ Nf7 19. Nf5 g6 20. Nd5 Qa7 21. Qc3 1-0

[Event "IECC CL7-2003.03 email"]
[Site "IECC email"]
[Date "2003.01.26"]
[Round "?"]
[White "Copin, Jean Christophe"]
[Black "Spencer, James"]
[Result "0-1"]
[WhiteElo "1097"]
[BlackElo "1212"]
[PlyCount "46"]
[EventDate "2003.??.??"]
[EventType "tourn (corr)"]
[EventRounds "4"]
[SourceTitle "Corr 2008"]
[Source "ChessBase"]
[SourceDate "2008.06.24"]
[SourceVersion "1"]
[SourceVersionDate "2008.06.24"]
[SourceQuality "1"]

1. e4 c5 2. Nf3 d6 3. Bc4 Nf6 4. d3 g6 5. Ng5 e6 6. 0-0 Bg7 7. Nc3 0-0 8. f4 a6 9. e5 Ne8 10. Qg4 dxe5 11. Ne2 b5 12. Bb3 h6 13. Nxe6 Bxe6 14. Bxe6 fxe6 15. Qxg6 Rf6 16. Qe4 Nd7 17. b3 Nd6 18. Qe3 exf4 19. Nxf4 Rf7 20. Qg3 Nf5 21. Qg6 Nf8 22. Qg4 Qd4+ 23. Be3 Nxe3 0-1

[Event "IECC CL7-2003.03 email"]
[Site "IECC email"]
[Date "2003.01.26"]
[Round "?"]
[White "Fitzpatrick, Mark"]
[Black "Spencer, James"]
[Result "0-1"]
[WhiteElo "1001"]
[BlackElo "1226"]
[PlyCount "58"]
[EventDate "2003.??.??"]
[EventType "tourn (corr)"]
[EventRounds "4"]
[SourceTitle "Corr 2008"]
[Source "ChessBase"]
[SourceDate "2008.06.24"]
[SourceVersion "1"]
[SourceVersionDate "2008.06.24"]
[SourceQuality "1"]

1. e4 c5 2. Nf3 d6 3. Be2 g6 4. Nc3 Bg7 5. d4 cxd4 6. Nxd4 Nf6 7. Bg5 0-0 8. Bc4 Nxe4 9. Nxe4 d5 10. Bxe7 Qxe7 11. Bxd5 Rd8 12. c4 Rxd5 13. cxd5 Qxe4+ 14. Qe2 Qxg2 15. Qe8+ Bf8 16. 0-0-0 Bd7 17. Qd8 Qxd5 18. Ne6 Qc4+ 19. Kb1 Bxe6 20. Rhe1 Qxa2+ 21. Kc1 Bb3 22. Rd3 Qa1+ 23. Kd2 Qxb2+ 24. Ke3 Qe5+ 25. Kd2 Qf4+ 26. Rde3 Kg7 27. Kc3 Qc4+ 28. Kb2 Qc2+ 29. Ka1 Qa2# 0-1

[Event "IECC CL7-2003.03 email"]
[Site "IECC email"]
[Date "2003.01.26"]
[Round "?"]
[White "Spencer, James"]
[Black "Van Gimst, Herman"]
[Result "1/2-1/2"]
[WhiteElo "1232"]
[BlackElo "1101"]
[PlyCount "56"]
[EventDate "2003.??.??"]
[EventType "tourn (corr)"]
[EventRounds "4"]
[SourceTitle "Corr 2008"]
[Source "ChessBase"]
[SourceDate "2008.06.24"]
[SourceVersion "1"]
[SourceVersionDate "2008.06.24"]
[SourceQuality "1"]

1. e4 c6 2. d4 d5 3. Nc3 dxe4 4. Nxe4 Bf5 5. Ng3 Bg6 6. h4 h6 7. Nf3 Nd7 8. Bd3 Bxd3 9. Qxd3 Qc7 10. Bd2 Ngf6 11. 0-0-0 e6 12. Kb1 Bd6 13. Ne4 0-0 14. Nxd6 Qxd6 15. Rhe1 Ng4 16. Qf1 Rfd8 17. Qg1 Ndf6 18. Re2 c5 19. Ba5 b6 20. Bc3 cxd4 21. Bxd4 Qc6 22. Bxf6 Nxf6 23. Red2 Rxd2 24. Rxd2 Nd5 25. Qd1 Rc8 26. g3 a5 27. Nd4 Qd7 28. g4 b5 1/2-1/2